000
00267nam a2200097Ia 4500
001
641686
005
20250826153512.0
008
250824s9999 xx 000 0 und d
245
0
_a
GÜLİSTAN GENÇLİK KLASİKLERİ
_c
ŞEYH SADİ-İ ŞİRAZİ
260
_b
TİMAŞ ÇOCUK
999
_c
641686
_d
641686